Central Library OPAC University of Rajshahi

Mastering database programming with Visual Basic 6 / (Record no. 55008)

MARC details
000 -LEADER
fixed length control field 00838nam a2200253 a 4500
001 - CONTROL NUMBER
control field 55008
003 - CONTROL NUMBER IDENTIFIER
rucl marc code BD-RjUL
005 - DATE AND TIME OF LATEST TRANSACTION
control field 20211209080213.0
008 - FIXED-LENGTH DATA ELEMENTS--GENERAL INFORMATION
fixed length control field 161113r20062000ii 001 0 eng d
020 ## - INTERNATIONAL STANDARD BOOK NUMBER
International Standard Book Number 8176561991
035 ## - SYSTEM CONTROL NUMBER
System control number (BD-RjUL)55130
040 ## - CATALOGING SOURCE
Original cataloging agency eng
Language of cataloging eng
Transcribing agency BD-RjUL
Modifying agency BD-RjUL
041 ## - LANGUAGE CODE
Language code of text/sound track or separate title eng
082 ## - DEWEY DECIMAL CLASSIFICATION NUMBER
Edition number 23
Classification number 005.133
Author mark and year PEM 2006
100 1# - MAIN ENTRY--PERSONAL NAME
Personal name Petroutsos, Evangelos.
9 (RLIN) 164006
245 10 - TITLE STATEMENT
Title Mastering database programming with Visual Basic 6 /
Statement of responsibility, etc. Evangelos Petroutsos.
260 ## - PUBLICATION, DISTRIBUTION, ETC. (IMPRINT)
Place of publication, distribution, etc. New delhi :
Name of publisher, distributor, etc. BPB pub,
Date of publication, distribution, etc. 2000.[Preinted 2006]
300 ## - PHYSICAL DESCRIPTION
Pagination xxxiv, 859 p. :
Illustrations ill. ;
Size 23 cm
500 ## - GENERAL NOTE
General note Disc in pocket attached to inside back cover.
650 #0 - SUBJECT ADDED ENTRY--TOPICAL TERM
Topical term or geographic name as entry element Visual programming (Computer science)
9 (RLIN) 164007
Topical term or geographic name as entry element Visual Basic (Computer program language)
9 (RLIN) 164008
Topical term or geographic name as entry element Database management.
9 (RLIN) 117949
942 ## - ADDED ENTRY ELEMENTS (KOHA)
Source of classification or shelving scheme Dewey Decimal Classification
Koha item type Books
Holdings
Lost status Source of classification or shelving scheme Damaged status Not for loan Collection code Permanent Location Current Location Shelving location Date acquired Source of acquisition Cost, normal purchase price Total Checkouts Full call number Date last seen Copy number Koha item type
  Dewey Decimal Classification     Non-fiction Central Library, University of Rajshahi Central Library, University of Rajshahi   18/12/2005 dhaka, paragon Enterprice ltd. 450.00   005.133 PEM 2006 13/11/2016 C-2 Books
  Dewey Decimal Classification   Not For Loan Non-fiction Central Library, University of Rajshahi Central Library, University of Rajshahi Reading Room 18/12/2005 Dhaka, Paragon enterprise ltd. 450.00   005.133 PEM 2006 14/03/2017 C-1 Books